Communication, sex and money. (Record no. 15961)

000 -LEADER
fixed length control field 00520nam a2200181 a 4500
001 - CONTROL NUMBER
control field :::00018514$&:&@@
003 - CONTROL NUMBER IDENTIFIER
control field OkBaRHE
005 - DATE AND TIME OF LATEST TRANSACTION
control field 20001106165027.0
008 - FIXED-LENGTH DATA ELEMENTS--GENERAL INFORMATION
fixed length control field s1987 j 000 0 eng u
040 ## - CATALOGING SOURCE
Transcribing agency
100 1# - MAIN ENTRY--PERSONAL NAME
Personal name Cole, Edwin Louis.
245 10 - TITLE STATEMENT
Title Communication, sex and money.
260 ## - PUBLICATION, DISTRIBUTION, ETC. (IMPRINT)
Place of publication, distribution, etc Tulsa, OK., :
Name of publisher, distributor, etc Honor Books
Date of publication, distribution, etc c1987
300 ## - PHYSICAL DESCRIPTION
Extent 234 p. ;
Dimensions 18 cm.
650 ## - SUBJECT ADDED ENTRY--TOPICAL TERM
Topical term or geographic name as entry element Marriage
942 ## - ADDED ENTRY ELEMENTS (KOHA)
Source of classification or shelving scheme
Koha item type Books
Copies
Damaged status Permanent Location Not for loan Source of classification or shelving scheme Lost status Withdrawn status Price effective from Date last seen Full call number Barcode Koha item type Shelving location Copy number Date acquired
 RHEMA Bible Training College    2010-04-142010-04-14HQ 734 .C618514BooksGeneral Stacks12010-04-14